000 00349nam a22001457a 4500
020 _a93878168-7
082 _a894.812.3
_bVIC/N
100 _aHUGO, VICTOR
245 _aNOTHRADHAMILE KOONAN
250 _aFIRST EDITION
260 _aKUNNAMKULAM
_bRED ROSE PUBLISHING HOUSE
_c2020
300 _a144
650 _aMALAYALAM NOVEL
_zKERALA
942 _cBK
999 _c7076
_d7076